书目信息 |
| 题名: |
中国优秀艺术歌曲集
|
|
| 作者: | 储声虹 主编 | |
| 分册: | 2 | |
| 出版信息: | 长沙 湖南文艺出版社 2001 |
|
| 页数: | 307页 | |
| 开本: | 26cm | |
| 丛书名: | ||
| 单 册: | ||
| 中图分类: | J642.5 | |
| 科图分类: | ||
| 主题词: | 音乐--作品--中国 | |
| 电子资源: | ||
| ISBN: | 7-5404-2487-7 | |
| 000 | 00651nam0 2200217 45 | |
| 001 | 0107101673 | |
| 005 | 20031219104057.0 | |
| 010 | @a7-5404-2487-7@dCNY31.00 | |
| 100 | @a20010710d2001 km y0chiy0120 ea | |
| 101 | 0 | @achi |
| 105 | @a z 000yy | |
| 200 | 1 | @a中国优秀艺术歌曲集@h2@AZhong Guo You Xiu Yi Shu Ge Qu Ji@f储声虹主编@FChu Sheng Hong Zhu Bian |
| 210 | @a长沙@c湖南文艺出版社@d2001 | |
| 215 | @a307页@d26cm | |
| 300 | @a大专院校声乐教学用书 | |
| 410 | @12001 @a大专院校声乐教学用书 | |
| 606 | 0 | @a音乐@x作品@x中国 |
| 690 | @aJ642.5@v4 | |
| 701 | 0 | @a储声虹@4主编 |
| 801 | @aCN@bTSTC@c20010710 | |
| 905 | @b313736-739@dJ642.5@e150:2@f4 | |
| 中国优秀艺术歌曲集.2/储声虹主编.-长沙:湖南文艺出版社,2001 |
| 307页;26cm |
| 大专院校声乐教学用书 |
| ISBN 7-5404-2487-7:CNY31.00 |
| ● |
| 相关链接 |
|
|
|
|
正题名:中国优秀艺术歌曲集
索取号:J642.5/150:2
 
预约/预借
| 序号 | 登录号 | 条形码 | 馆藏地/架位号 | 状态 | 备注 |
| 1 | 0313736 | 203137364 | 第一借阅区/ [索取号:J642.5/150:2] | 在馆 | |
| 2 | 0313737 | 203137373 | 第一借阅区/ [索取号:J642.5/150:2] | 在馆 | |
| 3 | 0313738 | 203137382 | 第一借阅区/ [索取号:J642.5/150:2] | 在馆 | |
| 4 | 0313739 | 203137391 | 第一借阅区/ [索取号:J642.5/150:2] | 在馆 |